Deutschland in verschiedenen Sprachen - Statistiken

Allgemein
  • Dieses Quiz wurde 430 mal gespielt
  • Das Durchschnittsergebnis liegt bei 10 aus 18
Antwortstatistiken
Deutschland In dieser Sprache % Korrekt
Germany Englisch
96%
Allemagne Französisch
91%
Duitsland Niederländisch, Afrikaans
85%
Германия Bulgarisch, Russisch
84%
Alemania Spanisch
72%
Tyskland Dänisch, Norwegisch, Schwedisch
70%
Germania Italienisch, Rumänisch
69%
독일 Koreanisch
66%
ドイツ Japanisch
60%
Németország Ungarisch
58%
Niemcy Polnisch
55%
Německo Tschechisch, Slowakisch
51%
เยอรมนี Thai
47%
Saksa Finnisch
45%
Þýskaland Isländisch
35%
nước Đức Vietnamesisch
35%
Vokietija Litauisch
18%
Gjermania Albanisch
14%
Keine übereinstimmenden Quizze gefunden
Verteilung der Resultate
Anzahl Personen mit jedem Resultat
Perzentil nach korrekt beantworteten Fragen
Ihre Resultats-Entwicklung
Sie haben dieses Quiz noch nicht gespielt